| 000 | 01258cam a22003857a 4500 | ||
|---|---|---|---|
| 003 | CHAP | ||
| 005 | 20220329142436.0 | ||
| 008 | 010214d2000 mx a r 00110 spa d | ||
| 010 | _a83518 | ||
| 011 | _a84490 | ||
| 020 | _a9687863641 | ||
| 035 | _a95010 | ||
| 040 | _cCHAP | ||
| 090 | _aFolleto 16112 | ||
| 100 | 0 | 0 |
_aDurán Espinosa, Carlos. _934672 |
| 245 | 1 | 0 |
_aSaxifragaceae _c/por Carlos Durán-Espinosa |
| 260 |
_aXalapa, Ver. : _bInstituto de Ecología, _c2000. |
||
| 300 |
_a8 p. : _bilus. ; mapas |
||
| 410 | 2 | _aInstituto de Ecología | |
| 490 | 0 |
_aFlora de Veracruz _v; 115 |
|
| 590 |
_aBATCH-UPD _b10 _c20130110 _lUCH01 _h0420 |
||
| 590 |
_aBATCH-UPD _b10 _c20130111 _lUCH01 _h0002 |
||
| 590 |
_aBATCH-UPD _b10 _c20130410 _lUCH01 _h0055 |
||
| 590 |
_aBATCH-UPD _b10 _c20130914 _lUCH01 _h0737 |
||
| 590 |
_aCONVERSION _b10 _c20130109 _lUCH01 _h1346 |
||
| 650 | 1 | 4 |
_aBotánica _xVeracruz. _914633 |
| 650 | 1 | 4 |
_aSaxifragaceae. _9102817 |
| 810 | 0 | 0 |
_aInstituto de Ecología _959115 |
| 830 | 0 | 0 |
_aFlora de Veracruz _v; 115 _941323 |
| 901 | _aBK | ||
| 905 | _aPatricia Mendoza P. | ||
| 942 | _cFOLL | ||
| 949 |
_aFolleto 16112 _bBC _cFOLL _d950101 _eTS1 _i95010 _kDonaciØn _sb |
||
| 949 |
_aFolleto 16112 _bBC _cFOLL _d950102 _eTS2 _fc.2 _i95010 _kDonaciØn _sb |
||
| 999 |
_c83518 _d83518 |
||